000 01020nam a2200289 a 4500
001 000024730
005 20250701132841.0
008 110203s1975 mx r 000 0 spa d
040 _aDO-SdBNP
_bspa
_cBNPHU
041 1 7 _aspa
_heng
_2Código de idioma MARC
082 _a330.9
_bO52d
245 0 0 _aDebate sobre el crecimiento /
_ccompilador Willem L. Oltmans ; traducción de José Ramón Pérez Lías.
260 _aMéxico, D. F. :
_bFondo de Cultura Económica,
_c1975.
300 _a551, [1] p. ;
_c17 cm.
490 1 _aPopular
_v149
500 _aIncluye notas al pie de las páginas
504 _aIncluye referencias bibliográficas
534 _aTítulo original:
_tOn growth
650 0 _aDesarrollo económico
_985548
650 4 _aPlanificación económica
_96641
650 0 _aPolítica económica
_984931
650 4 _aEquilíbrio social
_950738
700 1 _aOltmans, Willem,
_ecomp.
_950739
700 1 _aPérez Lías, José Ramón
_etr.
_950221
830 0 _aPopular ;
_v149
_913374
049 _aBNGR
999 _c24223
_d24223